[Event "2. Cerrado Club de Ajedrez Villaverde 2"]
[Site "Madrid ESP"]
[Date "2007.10.22"]
[Round "1.1"]
[White "Alonso Abad, Enrique"]
[Black "Vazquez Gonzalez, Jesus"]
[Result "0-1"]
[WhiteElo "2122"]
[BlackElo "2049"]
[PlyCount "50"]
[EventDate "2007.10.22"]
[EventType "tourn"]
[EventRounds "9"]
[EventCountry "ESP"]
[Source "lmi"]
[SourceDate "2007.10.22"]
[WhiteTeam "España"]
[BlackTeam "España"]
[WhiteTeamCountry "ESP"]
[BlackTeamCountry "ESP"]

1. d4 d5 2. Nf3 Nf6 3. e3 c6 4. c4 e6 5. Nc3 Nbd7 6. Bd3 Bd6 7. O-O O-O 8. b3
b6 9. Bb2 Bb7 10. cxd5 exd5 11. Rc1 Re8 12. Qc2 Rc8 13. h3 Qe7 14. Qe2 Ne4 15.
Nd2 f5 16. Rfe1 Qg5 17. f4 Qg3 18. Nf1 Qh4 19. Nxe4 fxe4 20. Ba6 Bxa6 21. Qxa6
Rc7 22. Ba3 Bxa3 23. Qxa3 Re6 24. b4 Rg6 25. Kh2 Qf2 0-1

[Event "2. Cerrado Club de Ajedrez Villaverde 2"]
[Site "Madrid ESP"]
[Date "2007.10.22"]
[Round "1.2"]
[White "Horcajada Reales, Guillermo"]
[Black "Sanchez Garcia, Aurelio"]
[Result "1/2-1/2"]
[WhiteElo "2202"]
[BlackElo "2120"]
[PlyCount "68"]
[EventDate "2007.10.22"]
[EventType "tourn"]
[EventRounds "9"]
[EventCountry "ESP"]
[Source "lmi"]
[SourceDate "2007.10.22"]
[WhiteTeam "España"]
[BlackTeam "España"]
[WhiteTeamCountry "ESP"]
[BlackTeamCountry "ESP"]

1. d4 Nf6 2. c4 Nc6 3. d5 Ne5 4. Qd4 Ng6 5. Nf3 e6 6. g3 Bb4+ 7. Nc3 d6 8. Bg2
e5 9. Qd1 Bxc3+ 10. bxc3 b6 11. h4 h6 12. h5 Ne7 13. Nh4 Nf5 14. e4 Nxh4 15.
Rxh4 Qe7 16. Bf1 a5 17. Bd3 Ba6 18. Kf1 Nd7 19. Kg2 Nc5 20. Bf1 O-O-O 21. Be3
Kb8 22. Qc2 Rdf8 23. Be2 Qd7 24. f4 Qa4 25. Rc1 exf4 26. Qxa4 f3+ 27. Kxf3 Nxa4
28. Rg4 g5 29. hxg6 fxg6+ 30. Rf4 g5 31. Rxf8+ Rxf8+ 32. Kg4 Nc5 33. Bxc5 bxc5
34. Rf1 Re8 1/2-1/2

[Event "2. Cerrado Club de Ajedrez Villaverde 2"]
[Site "Madrid ESP"]
[Date "2007.10.22"]
[Round "1.3"]
[White "Vega Gomez, Francisco B"]
[Black "Suarez Trigueros, Alfonso J"]
[Result "1-0"]
[WhiteElo "2123"]
[BlackElo "2173"]
[PlyCount "87"]
[EventDate "2007.10.22"]
[EventType "tourn"]
[EventRounds "9"]
[EventCountry "ESP"]
[Source "lmi"]
[SourceDate "2007.10.22"]
[WhiteTeam "España"]
[BlackTeam "España"]
[WhiteTeamCountry "ESP"]
[BlackTeamCountry "ESP"]

1. d4 c5 2. Nf3 cxd4 3. Nxd4 Nc6 4. g3 e5 5. Nxc6 bxc6 6. Bg2 d5 7. c4 Be6 8.
Nc3 Bb4 9. O-O Bxc3 10. bxc3 Qa5 11. Qb3 Rc8 12. Qa3 Qxa3 13. Bxa3 Kd7 14. Rad1
e4 15. Bxe4 Nf6 16. Bf3 Kc7 17. cxd5 Bxd5 18. Bxd5 Nxd5 19. c4 Nb6 20. Bd6+ Kb7
21. c5 Nd5 22. e4 Nc3 23. Ra1 Rhe8 24. f3 Nb5 25. e5 Rcd8 26. a4 Nc3 27. Ra3
Nd5 28. Rb3+ Ka6 29. Rd1 Rd7 30. Rxd5 cxd5 31. c6 Rdd8 32. c7 Rc8 33. Rb5 f6
34. f4 fxe5 35. fxe5 d4 36. Kf2 h5 37. Ke2 h4 38. g4 h3 39. Kd3 g5 40. Kxd4 Rh8
41. Kd5 Rhe8 42. Rb8 Ka5 43. Kc6 Rxc7+ 44. Kxc7 1-0

[Event "2. Cerrado Club de Ajedrez Villaverde 2"]
[Site "Madrid ESP"]
[Date "2007.10.22"]
[Round "1.4"]
[White "Lopez-andujar Ocaña, Antonio"]
[Black "Pastor Alonso De Prado, Alberto"]
[Result "1-0"]
[WhiteElo "2162"]
[BlackElo "2145"]
[PlyCount "67"]
[EventDate "2007.10.22"]
[EventType "tourn"]
[EventRounds "9"]
[EventCountry "ESP"]
[Source "lmi"]
[SourceDate "2007.10.22"]
[WhiteTeam "España"]
[BlackTeam "España"]
[WhiteTeamCountry "ESP"]
[BlackTeamCountry "ESP"]

1. e4 c5 2. Nf3 Nc6 3. c4 g6 4. d4 cxd4 5. Nxd4 Bg7 6. Be3 Nf6 7. Nc3 O-O 8.
Be2 d6 9. Qd2 Bd7 10. O-O a6 11. f3 Re8 12. a3 Rc8 13. Nxc6 Bxc6 14. b4 Nd7 15.
Rac1 b6 16. Rfd1 Rc7 17. Nd5 Ra7 18. Bf1 Bxd5 19. cxd5 a5 20. Bb5 e6 21. bxa5
Rxa5 22. Bxd7 Qxd7 23. Bxb6 Rxa3 24. Qb4 Ra4 25. dxe6 Rxe6 26. Qb3 Ra6 27. Rc7
Qe8 28. Rdc1 Ra1 29. Rxa1 Bxa1 30. Qd5 Qa4 31. Be3 Be5 32. g3 Kg7 33. Ra7 Qb4
34. Qxe6 1-0

[Event "2. Cerrado Club de Ajedrez Villaverde 2"]
[Site "Madrid ESP"]
[Date "2007.10.22"]
[Round "1.5"]
[White "Lopez de Turiso, Jose Angel"]
[Black "Ballesteros, David"]
[Result "0-1"]
[WhiteElo "2138"]
[BlackElo "2210"]
[PlyCount "50"]
[EventDate "2007.10.22"]
[EventType "tourn"]
[EventRounds "9"]
[EventCountry "ESP"]
[Source "lmi"]
[SourceDate "2007.10.22"]
[WhiteTeam "España"]
[BlackTeam "España"]
[WhiteTeamCountry "ESP"]
[BlackTeamCountry "ESP"]

1. d4 Nf6 2. c4 b6 3. Nc3 Bb7 4. d5 e6 5. e4 Bb4 6. e5 Ne4 7. Qd4 exd5 8. cxd5
Nxc3 9. bxc3 Bc5 10. Qg4 g6 11. Bc4 Qe7 12. Bg5 Qxe5+ 13. Kf1 O-O 14. Re1 Qxc3
15. Ne2 Qb2 16. Qh4 Re8 17. Bf6 Qc2 18. Ba1 Qf5 19. Nd4 Rxe1+ 20. Kxe1 Qe5+ 21.
Kd2 Be7 22. Qh3 Bxd5 23. Bd3 Qg5+ 24. Kc2 Bxg2 25. f4 Qc5+ 0-1

[Event "2. Cerrado Club de Ajedrez Villaverde 2"]
[Site "Madrid ESP"]
[Date "2007.10.24"]
[Round "2.1"]
[White "Vazquez Gonzalez, Jesus"]
[Black "Ballesteros, David"]
[Result "0-1"]
[WhiteElo "2049"]
[BlackElo "2210"]
[PlyCount "116"]
[EventDate "2007.10.22"]
[EventType "tourn"]
[EventRounds "9"]
[EventCountry "ESP"]
[Source "lmi"]
[SourceDate "2007.10.22"]
[WhiteTeam "España"]
[BlackTeam "España"]
[WhiteTeamCountry "ESP"]
[BlackTeamCountry "ESP"]

1. e4 c5 2. d3 Nc6 3. g3 g6 4. Bg2 Bg7 5. Ne2 Nf6 6. O-O d5 7. Nd2 O-O 8. f4
Ng4 9. Nb3 dxe4 10. Bxe4 Qb6 11. c4 a5 12. a4 Nf6 13. Be3 Nxe4 14. dxe4 Bh3 15.
Rf2 Rad8 16. Nd2 Rd3 17. Ra3 Rfd8 18. Nc1 Rxe3 19. Rxe3 Bd4 20. Rb3 Qc7 21. Qf3
h5 22. Nd3 Bg4 23. Qg2 Be3 24. Nf1 Bxf2+ 25. Nxf2 Nd4 26. Re3 Qd7 27. b3 Qc6
28. h3 Be2 29. g4 h4 30. g5 Bxf1 31. Qxf1 Qd6 32. e5 Qb6 33. Ne4 Qb4 34. Rd3
Rc8 35. Qd1 Kg7 36. Kg2 Nf5 37. Qa1 Kh7 38. e6 fxe6 39. Qe5 Qb6 40. Rd7 Qc6 41.
Rd3 Ng3 42. Rxg3 hxg3 43. Kxg3 Rf8 44. Nf2 Rd8 45. Qe2 Qd6 46. Qg4 e5 47. f5
e4+ 48. Kg2 e3 49. Ne4 Qc6 50. Qh4+ Kg8 51. f6 exf6 52. gxf6 Rf8 53. Kf1 Qe6
54. Ke2 Rf7 55. Kxe3 Rh7 56. f7+ Rxf7 57. Qd8+ Kg7 58. Qh4 Qe5 0-1

[Event "2. Cerrado Club de Ajedrez Villaverde 2"]
[Site "Madrid ESP"]
[Date "2007.10.24"]
[Round "2.2"]
[White "Pastor Alonso De Prado, Alberto"]
[Black "Lopez de Turiso, Jose Angel"]
[Result "0-1"]
[WhiteElo "2145"]
[BlackElo "2138"]
[PlyCount "58"]
[EventDate "2007.10.22"]
[EventType "tourn"]
[EventRounds "9"]
[EventCountry "ESP"]
[Source "lmi"]
[SourceDate "2007.10.22"]
[WhiteTeam "España"]
[BlackTeam "España"]
[WhiteTeamCountry "ESP"]
[BlackTeamCountry "ESP"]

1. e4 g6 2. d4 Bg7 3. Nf3 d6 4. h3 Nf6 5. Nbd2 O-O 6. Be2 Nbd7 7. O-O c5 8. c3
a6 9. Re1 b5 10. a4 b4 11. a5 bxc3 12. bxc3 cxd4 13. cxd4 Bb7 14. Bf1 Rc8 15.
Bb2 Rc7 16. e5 dxe5 17. dxe5 Nd5 18. Bd4 Nc5 19. Bxc5 Rxc5 20. Qa4 Qc7 21. Ra3
Rc8 22. Ne4 Nc3 23. Rxc3 Rxc3 24. Nxc3 Qxc3 25. Re3 Qc7 26. Qh4 Bxf3 27. Rxf3
Bxe5 28. Bxa6 Qxa5 29. Qxe7 Qe1+ 0-1

[Event "2. Cerrado Club de Ajedrez Villaverde 2"]
[Site "Madrid ESP"]
[Date "2007.10.24"]
[Round "2.3"]
[White "Suarez Trigueros, Alfonso J"]
[Black "Lopez-andujar Ocaña, Antonio"]
[Result "1-0"]
[WhiteElo "2173"]
[BlackElo "2162"]
[PlyCount "75"]
[EventDate "2007.10.22"]
[EventType "tourn"]
[EventRounds "9"]
[EventCountry "ESP"]
[Source "lmi"]
[SourceDate "2007.10.22"]
[WhiteTeam "España"]
[BlackTeam "España"]
[WhiteTeamCountry "ESP"]
[BlackTeamCountry "ESP"]

1. e4 e5 2. Nf3 Nf6 3. Nxe5 d6 4. Nf3 Nxe4 5. Qe2 Qe7 6. d3 Nf6 7. Bg5 Qxe2+ 8.
Bxe2 Be7 9. Nc3 c6 10. O-O-O h6 11. Bh4 Bf5 12. Rhe1 Nbd7 13. Nd4 Bh7 14. Bf1
Kd8 15. Bg3 Nh5 16. Ne4 Nxg3 17. Nxg3 Bf6 18. Nf3 Ne5 19. Nxe5 Bxe5 20. d4 Bf4+
21. Kb1 Bg5 22. d5 c5 23. Bd3 g6 24. Ne4 Be7 25. Re2 f5 26. Nc3 a6 27. Rde1 Re8
28. Nb5 Kd7 29. Nc7 Rac8 30. Nxe8 Rxe8 31. c4 h5 32. Bc2 b5 33. Bd3 Bg8 34.
cxb5 Bxd5 35. bxa6 c4 36. Bc2 Bc6 37. a7 Kd8 38. Ba4 1-0

[Event "2. Cerrado Club de Ajedrez Villaverde 2"]
[Site "Madrid ESP"]
[Date "2007.10.24"]
[Round "2.4"]
[White "Sanchez Garcia, Aurelio"]
[Black "Vega Gomez, Francisco B"]
[Result "1/2-1/2"]
[WhiteElo "2120"]
[BlackElo "2123"]
[PlyCount "134"]
[EventDate "2007.10.22"]
[EventType "tourn"]
[EventRounds "9"]
[EventCountry "ESP"]
[Source "lmi"]
[SourceDate "2007.10.22"]
[WhiteTeam "España"]
[BlackTeam "España"]
[WhiteTeamCountry "ESP"]
[BlackTeamCountry "ESP"]

1. e4 d5 2. exd5 Nf6 3. Nf3 Nxd5 4. d4 g6 5. c4 Nb6 6. h3 Bg7 7. c5 Nd5 8. Nc3
c6 9. Qb3 O-O 10. Bc4 Nxc3 11. bxc3 b5 12. cxb6 axb6 13. O-O b5 14. Be2 Be6 15.
Qc2 Nd7 16. Bf4 Ra4 17. Ng5 Bd5 18. Qd2 e5 19. Be3 exd4 20. cxd4 Nb6 21. Rfc1
Nc4 22. Bxc4 Bxc4 23. Nf3 Qa5 24. Ne5 Bxe5 25. dxe5 Qxd2 26. Bxd2 f6 27. Bh6
Rf7 28. Rd1 Bd5 29. Rac1 Ra8 30. exf6 Rxf6 31. Rd2 Rxa2 32. Rxa2 Bxa2 33. Ra1
Bc4 34. Ra7 b4 35. Rg7+ Kf8 36. Rb7+ Ke8 37. Rxb4 Bb5 38. Re4+ Kd7 39. Bg5 Rf7
40. f3 c5 41. Kf2 Bd3 42. Ra4 Kc6 43. Ke3 Bf1 44. Ra2 c4 45. h4 Kc5 46. g4 Kb4
47. Ra8 c3 48. Rb8+ Bb5 49. Ke4 c2 50. Bc1 Rd7 51. Ke3 Rd3+ 52. Kf4 Rd1 53. Be3
Rd4+ 54. Kg5 Rd3 55. Bc1 Rxf3 56. Rc8 Kb3 57. h5 gxh5 58. gxh5 Bd3 59. Rc7 Bc4
60. Rxh7 Rf1 61. Bd2 Be2 62. Rb7+ Kc4 63. Rc7+ Kd3 64. Rd7+ Kc4 65. Rc7+ Kb3
66. h6 Rg1+ 67. Kf6 Rf1+ 1/2-1/2

[Event "2. Cerrado Club de Ajedrez Villaverde 2"]
[Site "Madrid ESP"]
[Date "2007.10.24"]
[Round "2.5"]
[White "Alonso Abad, Enrique"]
[Black "Horcajada Reales, Guillermo"]
[Result "0-1"]
[WhiteElo "2122"]
[BlackElo "2202"]
[PlyCount "132"]
[EventDate "2007.10.22"]
[EventType "tourn"]
[EventRounds "9"]
[EventCountry "ESP"]
[Source "lmi"]
[SourceDate "2007.10.22"]
[WhiteTeam "España"]
[BlackTeam "España"]
[WhiteTeamCountry "ESP"]
[BlackTeamCountry "ESP"]

1. d4 d5 2. Nf3 Nf6 3. e3 c5 4. c3 cxd4 5. exd4 Nc6 6. Bd3 Bg4 7. O-O e6 8. h3
Bh5 9. Bf4 Bd6 10. Bxd6 Qxd6 11. Nbd2 O-O 12. Qb3 a6 13. a4 Na5 14. Qc2 Rfc8
15. Ne5 Nc6 16. Nxc6 Rxc6 17. Rfe1 Rac8 18. Nb3 Bg6 19. Bxg6 hxg6 20. Nc5 Nd7
21. Nxd7 Qxd7 22. a5 Rc4 23. Qb3 Qb5 24. Qa3 R4c6 25. Re3 b6 26. axb6 Rxb6 27.
Rf3 Qxb2 28. Qxb2 Rxb2 29. Rxa6 Rb1+ 30. Kh2 Rb3 31. Ra7 f6 32. Re7 Rcxc3 33.
Rxc3 Rxc3 34. Rxe6 Rd3 35. Rd6 Rxd4 36. g3 g5 37. Kg2 Kf7 38. Rd7+ Ke6 39. Rxg7
Rd1 40. Rg8 Ke5 41. Kf3 Rh1 42. Re8+ Kd4 43. Kg2 Rb1 44. Re6 Kc3 45. Rc6+ Kd3
46. Rxf6 d4 47. Rd6 Kc3 48. Rc6+ Kd2 49. Rd6 d3 50. Kf3 Kc2 51. Rc6+ Kd1 52. h4
gxh4 53. gxh4 d2 54. Kg2 Rc1 55. Ra6 Kc2 56. Rc6+ Kb3 57. Rd6 d1=Q 58. Rxd1
Rxd1 59. Kg3 Kc4 60. Kg4 Kd5 61. Kf5 Rh1 62. Kg5 Ke6 63. h5 Rg1+ 64. Kh6 Kf7
65. Kh7 Rf1 66. h6 Rh1 0-1

[Event "2. Cerrado Club de Ajedrez Villaverde 2"]
[Site "Madrid ESP"]
[Date "2007.10.25"]
[Round "3.1"]
[White "Horcajada Reales, Guillermo"]
[Black "Vazquez Gonzalez, Jesus"]
[Result "1-0"]
[WhiteElo "2202"]
[BlackElo "2049"]
[PlyCount "47"]
[EventDate "2007.10.22"]
[EventType "tourn"]
[EventRounds "9"]
[EventCountry "ESP"]
[Source "lmi"]
[SourceDate "2007.10.22"]
[WhiteTeam "España"]
[BlackTeam "España"]
[WhiteTeamCountry "ESP"]
[BlackTeamCountry "ESP"]

1. e4 c5 2. Nf3 g6 3. d4 Bg7 4. Nc3 Qa5 5. Be3 Nc6 6. Qd2 cxd4 7. Nxd4 Nf6 8.
Nb3 Qd8 9. Be2 O-O 10. Bh6 d6 11. h4 Be6 12. h5 Ne5 13. Bxg7 Kxg7 14. Nd4 Qc8
15. hxg6 fxg6 16. Qh6+ Kf7 17. f4 Neg4 18. Bxg4 Bxg4 19. e5 Nh5 20. Qxh7+ Ng7
21. Rh6 dxe5 22. Qxg6+ Kg8 23. Rh7 Rf7 24. Qh6 1-0

[Event "2. Cerrado Club de Ajedrez Villaverde 2"]
[Site "Madrid ESP"]
[Date "2007.10.25"]
[Round "3.2"]
[White "Vega Gomez, Francisco B"]
[Black "Alonso Abad, Enrique"]
[Result "1-0"]
[WhiteElo "2123"]
[BlackElo "2122"]
[PlyCount "73"]
[EventDate "2007.10.22"]
[EventType "tourn"]
[EventRounds "9"]
[EventCountry "ESP"]
[Source "lmi"]
[SourceDate "2007.10.22"]
[WhiteTeam "España"]
[BlackTeam "España"]
[WhiteTeamCountry "ESP"]
[BlackTeamCountry "ESP"]

1. d4 d5 2. c4 c6 3. Nf3 Nf6 4. Qc2 g6 5. cxd5 cxd5 6. Nc3 Nc6 7. Bf4 Bg7 8. e3
O-O 9. Be2 Qb6 10. O-O Bf5 11. Qd2 Rac8 12. Ne5 Qd8 13. Rac1 Nxe5 14. Bxe5 a6
15. Bf3 Qa5 16. b3 Be6 17. Qb2 b5 18. Bxf6 Bxf6 19. Nxd5 Bxd5 20. Bxd5 b4 21.
Rxc8 Rxc8 22. Bc4 Qb6 23. f4 e6 24. a4 a5 25. Qe2 Qc6 26. Qf3 Qd7 27. g4 g5 28.
fxg5 Bxg5 29. Qe4 Qe7 30. Rf3 h6 31. Kg2 Rd8 32. Bd3 f6 33. Bc4 Kf7 34. h4 Bxh4
35. Qh7+ Kf8 36. Qxh6+ Qg7 37. Qxh4 1-0

[Event "2. Cerrado Club de Ajedrez Villaverde 2"]
[Site "Madrid ESP"]
[Date "2007.10.25"]
[Round "3.3"]
[White "Lopez-andujar Ocaña, Antonio"]
[Black "Sanchez Garcia, Aurelio"]
[Result "1-0"]
[WhiteElo "2162"]
[BlackElo "2120"]
[PlyCount "55"]
[EventDate "2007.10.22"]
[EventType "tourn"]
[EventRounds "9"]
[EventCountry "ESP"]
[Source "lmi"]
[SourceDate "2007.10.22"]
[WhiteTeam "España"]
[BlackTeam "España"]
[WhiteTeamCountry "ESP"]
[BlackTeamCountry "ESP"]

1. e4 e6 2. d4 d5 3. Nd2 Nf6 4. e5 Nfd7 5. Bd3 c5 6. c3 Nc6 7. Ngf3 g6 8. b3
Bg7 9. O-O O-O 10. Re1 Qb6 11. Bb2 a5 12. Nf1 a4 13. Bc2 a3 14. Bc1 cxd4 15.
cxd4 Ndb8 16. Bg5 Nb4 17. Ne3 Nxc2 18. Qxc2 Nc6 19. Rad1 f6 20. exf6 Bxf6 21.
Bxf6 Rxf6 22. Qd2 h5 23. Nxd5 exd5 24. Re8+ Kg7 25. Rde1 Qa6 26. Rh8 g5 27.
Qxg5+ Rg6 28. Rg8+ 1-0

[Event "2. Cerrado Club de Ajedrez Villaverde 2"]
[Site "Madrid ESP"]
[Date "2007.10.25"]
[Round "3.5"]
[White "Ballesteros, David"]
[Black "Pastor Alonso De Prado, Alberto"]
[Result "1-0"]
[WhiteElo "2210"]
[BlackElo "2145"]
[PlyCount "79"]
[EventDate "2007.10.22"]
[EventType "tourn"]
[EventRounds "9"]
[EventCountry "ESP"]
[Source "lmi"]
[SourceDate "2007.10.22"]
[WhiteTeam "España"]
[BlackTeam "España"]
[WhiteTeamCountry "ESP"]
[BlackTeamCountry "ESP"]

1. d4 d5 2. c4 e6 3. Nf3 Nf6 4. Nc3 Be7 5. Bg5 O-O 6. e3 h6 7. Bh4 b6 8. Rc1
Bb7 9. Bd3 dxc4 10. Bxc4 Ne4 11. Bxe7 Qxe7 12. O-O Rd8 13. Qe2 Nd7 14. Ba6 Nxc3
15. Rxc3 Bxa6 16. Qxa6 c5 17. Qb7 Qf6 18. Ra3 cxd4 19. exd4 a5 20. Rc3 Rab8 21.
Qe4 Rdc8 22. Rfc1 Qd8 23. Qc2 Rxc3 24. Qxc3 Nf6 25. Ne5 Nd5 26. Qf3 Rb7 27. h3
Rc7 28. Re1 Qg5 29. Nd3 Qf6 30. Qe4 g6 31. g3 Kg7 32. a3 Qg5 33. Re2 Qd8 34.
Qe5+ Qf6 35. Rd2 Kf8 36. Kg2 Ke7 37. Re2 Rc4 38. Qxd5 Rxd4 39. Qb7+ Rd7 40. Qe4
1-0

[Event "2. Cerrado Club de Ajedrez Villaverde 2"]
[Site "Madrid ESP"]
[Date "2007.10.29"]
[Round "4.1"]
[White "Vazquez Gonzalez, Jesus"]
[Black "Pastor Alonso De Prado, Alberto"]
[Result "0-1"]
[WhiteElo "2049"]
[BlackElo "2145"]
[PlyCount "60"]
[EventDate "2007.10.22"]
[EventType "tourn"]
[EventRounds "9"]
[EventCountry "ESP"]
[Source "lmi"]
[SourceDate "2007.10.22"]
[WhiteTeam "España"]
[BlackTeam "España"]
[WhiteTeamCountry "ESP"]
[BlackTeamCountry "ESP"]

1. e4 e5 2. Nf3 Nc6 3. Nc3 Nf6 4. Nxe5 Nxe5 5. d4 Nc6 6. d5 Ne5 7. f4 Ng6 8. e5
Ng8 9. d6 cxd6 10. exd6 Qf6 11. Nb5 Nxf4 12. Nc7+ Kd8 13. Bxf4 Qxf4 14. Nxa8
Bxd6 15. Qd2 Qxd2+ 16. Kxd2 b6 17. Bc4 Bb7 18. Nxb6 axb6 19. Bxf7 Nf6 20. Rae1
Rf8 21. Bc4 Ne4+ 22. Ke2 Rf2+ 23. Kd1 Rxg2 24. Rhg1 Rxh2 25. Rxg7 Bf4 26. Rf1
Bg5 27. Rf8+ Kc7 28. Rff7 Rd2+ 29. Ke1 Bh4+ 30. Kf1 Ng5 0-1

[Event "2. Cerrado Club de Ajedrez Villaverde 2"]
[Site "Madrid ESP"]
[Date "2007.10.29"]
[Round "4.2"]
[White "Suarez Trigueros, Alfonso J"]
[Black "Ballesteros, David"]
[Result "0-1"]
[WhiteElo "2173"]
[BlackElo "2210"]
[PlyCount "123"]
[EventDate "2007.10.22"]
[EventType "tourn"]
[EventRounds "9"]
[EventCountry "ESP"]
[Source "lmi"]
[SourceDate "2007.10.22"]
[WhiteTeam "España"]
[BlackTeam "España"]
[WhiteTeamCountry "ESP"]
[BlackTeamCountry "ESP"]

1. e4 c5 2. c4 d6 3. Ne2 Nf6 4. Nbc3 Bg4 5. f3 Bd7 6. d4 cxd4 7. Nxd4 Nc6 8.
Be3 g6 9. Qd2 Bg7 10. Be2 Rc8 11. Rc1 a6 12. O-O O-O 13. Nd5 Nxd5 14. exd5 Nxd4
15. Bxd4 Bxd4+ 16. Qxd4 Qa5 17. a3 Rfd8 18. f4 Qc5 19. Qxc5 dxc5 20. b4 e6 21.
Bf3 exd5 22. bxc5 Bc6 23. cxd5 Bxd5 24. Rc2 Kg7 25. h3 h5 26. Kh2 h4 27. g3
hxg3+ 28. Kxg3 Bc6 29. Rc3 Rd7 30. f5 Bxf3 31. Kxf3 Rd5 32. fxg6 fxg6 33. Rfc1
Rc6 34. Rb1 b5 35. Rbc1 Kf6 36. Ke4 Rf5 37. R1c2 Ke6 38. Rg2 g5 39. Rgc2 Rf4+
40. Ke3 Rh4 41. Kf2 Kd5 42. Rd3+ Rd4 43. Rg3 Rf4+ 44. Kg1 Rf5 45. Rcg2 Rxc5 46.
Rxg5 Rc1+ 47. Kh2 Rxg5 48. Rxg5+ Kc4 49. h4 Rc2+ 50. Kg1 Rc3 51. h5 Rxa3 52.
Rg4+ Kc5 53. h6 Rh3 54. Rg6 a5 55. Kg2 Rh5 56. Kg3 a4 57. Kg4 Rh1 58. Rg5+ Kc4
59. Rh5 Rg1+ 60. Kf3 Rg8 61. Ke2 a3 62. Kd1 0-1

[Event "2. Cerrado Club de Ajedrez Villaverde 2"]
[Site "Madrid ESP"]
[Date "2007.10.29"]
[Round "4.3"]
[White "Sanchez Garcia, Aurelio"]
[Black "Lopez de Turiso, Jose Angel"]
[Result "1-0"]
[WhiteElo "2120"]
[BlackElo "2138"]
[PlyCount "63"]
[EventDate "2007.10.22"]
[EventType "tourn"]
[EventRounds "9"]
[EventCountry "ESP"]
[Source "lmi"]
[SourceDate "2007.10.22"]
[WhiteTeam "España"]
[BlackTeam "España"]
[WhiteTeamCountry "ESP"]
[BlackTeamCountry "ESP"]

1. e4 c6 2. d4 d5 3. exd5 cxd5 4. Bd3 Nc6 5. c3 Nf6 6. Bf4 Bg4 7. Qb3 Na5 8.
Qa4+ Bd7 9. Qc2 Rc8 10. Nd2 e6 11. Ngf3 Be7 12. Ne5 Nc6 13. Qd1 Nxe5 14. dxe5
Ng8 15. Qg4 g5 16. Be3 h5 17. Qe2 Qc7 18. Bd4 h4 19. f4 gxf4 20. Qg4 Bf8 21.
Nf3 Ne7 22. Qxf4 Nc6 23. Qf6 Rh6 24. Qg5 Rh8 25. O-O Nxd4 26. Nxd4 Bh6 27. Qf6
Be3+ 28. Kh1 Rf8 29. Bg6 Bxd4 30. Bxf7+ Rxf7 31. Qxf7+ Kd8 32. Qf6+ 1-0

[Event "2. Cerrado Club de Ajedrez Villaverde 2"]
[Site "Madrid ESP"]
[Date "2007.10.29"]
[Round "4.4"]
[White "Alonso Abad, Enrique"]
[Black "Lopez-andujar Ocaña, Antonio"]
[Result "0-1"]
[WhiteElo "2122"]
[BlackElo "2162"]
[PlyCount "68"]
[EventDate "2007.10.22"]
[EventType "tourn"]
[EventRounds "9"]
[EventCountry "ESP"]
[Source "lmi"]
[SourceDate "2007.10.22"]
[WhiteTeam "España"]
[BlackTeam "España"]
[WhiteTeamCountry "ESP"]
[BlackTeamCountry "ESP"]

1. d4 Nf6 2. Nf3 e6 3. g3 d5 4. Bg2 c5 5. O-O Nc6 6. c4 cxd4 7. cxd5 exd5 8.
Nxd4 Bc5 9. Nxc6 bxc6 10. Bg5 Be7 11. Qc2 Qb6 12. e4 Be6 13. Be3 Qb7 14. Nc3
O-O 15. Rfd1 Rfd8 16. Rac1 Rab8 17. Bd4 Rbc8 18. exd5 cxd5 19. Qe2 Bg4 20. f3
Be6 21. Nb5 a6 22. Nc3 Rc4 23. Bf2 d4 24. f4 Qc7 25. f5 dxc3 26. Rxd8+ Bxd8 27.
fxe6 cxb2 28. Re1 Rc2 29. exf7+ Kxf7 30. Bd5+ Kf8 31. Qe6 Rc1 32. Be4 Rxe1+ 33.
Bxe1 Qb6+ 34. Qxb6 Bxb6+ 0-1

[Event "2. Cerrado Club de Ajedrez Villaverde 2"]
[Site "Madrid ESP"]
[Date "2007.10.29"]
[Round "4.5"]
[White "Horcajada Reales, Guillermo"]
[Black "Vega Gomez, Francisco B"]
[Result "0-1"]
[WhiteElo "2202"]
[BlackElo "2123"]
[PlyCount "58"]
[EventDate "2007.10.22"]
[EventType "tourn"]
[EventRounds "9"]
[EventCountry "ESP"]
[Source "lmi"]
[SourceDate "2007.10.22"]
[WhiteTeam "España"]
[BlackTeam "España"]
[WhiteTeamCountry "ESP"]
[BlackTeamCountry "ESP"]

1. d4 Nf6 2. c4 g6 3. Nc3 d5 4. cxd5 Nxd5 5. e4 Nxc3 6. bxc3 Bg7 7. Bc4 c5 8.
Ne2 Nc6 9. Be3 O-O 10. O-O Bg4 11. f3 Na5 12. Bd5 cxd4 13. Bxd4 Bc8 14. Bxg7
Kxg7 15. Qd4+ Kg8 16. Rfd1 e6 17. Bb3 Qc7 18. Qd6 Qxd6 19. Rxd6 b6 20. Rad1 Nb7
21. R6d2 Nc5 22. e5 Ba6 23. Nd4 Rac8 24. Kf2 Rfd8 25. Bc2 Nb7 26. Bd3 Bxd3 27.
Rxd3 Nc5 28. Re3 Na4 29. Rdd3 Nb2 0-1

[Event "2. Cerrado Club de Ajedrez Villaverde 2"]
[Site "Madrid ESP"]
[Date "2007.10.29"]
[Round "5.1"]
[White "Vega Gomez, Francisco B"]
[Black "Vazquez Gonzalez, Jesus"]
[Result "1-0"]
[WhiteElo "2123"]
[BlackElo "2049"]
[PlyCount "139"]
[EventDate "2007.10.22"]
[EventType "tourn"]
[EventRounds "9"]
[EventCountry "ESP"]
[Source "lmi"]
[SourceDate "2007.10.22"]
[WhiteTeam "España"]
[BlackTeam "España"]
[WhiteTeamCountry "ESP"]
[BlackTeamCountry "ESP"]

1. d4 d5 2. c4 c6 3. Nf3 e6 4. Nbd2 Nf6 5. g3 Nbd7 6. Bg2 Bd6 7. O-O O-O 8. Qc2
e5 9. cxd5 cxd5 10. dxe5 Nxe5 11. Nxe5 Bxe5 12. Nf3 Qc7 13. Qxc7 Bxc7 14. Bf4
Bxf4 15. gxf4 Bd7 16. Nd4 Rac8 17. e3 Rc5 18. Rfc1 Rfc8 19. Rxc5 Rxc5 20. f3 g6
21. Kf2 Nh5 22. Ke2 Ng7 23. Kd2 Ne6 24. Nxe6 Bxe6 25. b4 Rc4 26. a3 Bf5 27. Ra2
Kg7 28. Bf1 Rc7 29. Bd3 Kf6 30. e4 Be6 31. Rc2 Rxc2+ 32. Bxc2 Ke7 33. Ke3 f6
34. Kd4 dxe4 35. fxe4 g5 36. f5 Bd7 37. e5 Bc6 38. Bd1 h6 39. Bb3 h5 40. Bd1 g4
41. e6 Kd6 42. Be2 a6 43. Bd1 Bg2 44. Be2 Bc6 45. Bd1 Bg2 46. a4 Bh3 47. Ke4 h4
48. Ke3 g3 49. hxg3 Bxf5 50. e7 Kxe7 51. gxh4 b5 52. a5 Kd6 53. Kd4 Bc8 54. h5
Ke7 55. Bb3 Be6 56. Bxe6 Kxe6 57. Ke4 Kf7 58. Kf5 Kg7 59. h6+ Kxh6 60. Kxf6 Kh5
61. Ke6 Kg5 62. Kd6 Kf5 63. Kc6 Ke5 64. Kb6 Kd5 65. Kxa6 Kc4 66. Kb6 Kxb4 67.
a6 Kc4 68. a7 b4 69. a8=Q b3 70. Qa1 1-0

[Event "2. Cerrado Club de Ajedrez Villaverde 2"]
[Site "Madrid ESP"]
[Date "2007.10.29"]
[Round "5.2"]
[White "Lopez-andujar Ocaña, Antonio"]
[Black "Horcajada Reales, Guillermo"]
[Result "0-1"]
[WhiteElo "2162"]
[BlackElo "2202"]
[PlyCount "48"]
[EventDate "2007.10.22"]
[EventType "tourn"]
[EventRounds "9"]
[EventCountry "ESP"]
[Source "lmi"]
[SourceDate "2007.10.22"]
[WhiteTeam "España"]
[BlackTeam "España"]
[WhiteTeamCountry "ESP"]
[BlackTeamCountry "ESP"]

1. e4 c5 2. Nf3 Nc6 3. c3 d5 4. exd5 Qxd5 5. d4 Bg4 6. Be2 e6 7. c4 Qf5 8. d5
exd5 9. cxd5 O-O-O 10. Qa4 Bxf3 11. Bxf3 Nd4 12. Nc3 Nxf3+ 13. gxf3 Qxf3 14.
Rg1 a6 15. Bf4 Nf6 16. Rd1 Bd6 17. Bxd6 Rhe8+ 18. Kf1 Qh3+ 19. Rg2 Rxd6 20. Qa3
Kb8 21. Qxc5 Red8 22. Kg1 Qh5 23. Re1 Nxd5 24. Re7 b6 0-1